ظاهرة الحذف النحوى فى القرآن
Saved in:
| 主要作者: | |
|---|---|
| 其他作者: | |
| 格式: | Thesis |
| 語言: | Arabic |
| 出版: |
خرطوم
: معهد خرطوم دولى غة عربية،
1990
|
| 主題: | |
| 標簽: |
添加標簽
沒有標簽, 成為第一個標記此記錄!
|
| LEADER | 013280000a22003490004500 | ||
|---|---|---|---|
| 001 | 88527 | ||
| 005 | 20060313150400.0 | ||
| 008 | 940131s1990 ara | ||
| 035 | |a 294798 | ||
| 035 | |a (Sirsi) 88527 | ||
| 040 | |a UIAM |b eng | ||
| 049 | |b m | ||
| 050 | |a BP131.3S9 | ||
| 100 | 1 | |a محمد، هاشم بشير | |
| 245 | 1 | 0 | |a ظاهرة الحذف النحوى فى القرآن |
| 246 | 0 | 0 | |a Zahirat al-hadhf al-nahwi fi al-Qur'an / |c i'dad Hashim al-Bashir Muhammad; ishraf 'Awn al-Sharif Qasim wa Muhammad al-Mahdi |
| 260 | 1 | |a خرطوم |b : معهد خرطوم دولى غة عربية، |c 1990 | |
| 300 | |a 139, <5> p. | ||
| 502 | |a (M.A.)--Ma'had al-Khartum al-Dawli lil-Lughat al-'Arabiyah, 1990 | ||
| 596 | |a 1 | ||
| 630 | 0 | 0 | |a قرآن |x ألفاظ )من ناحية لغوية( |
| 630 | 0 | 0 | |a Qur'an |x Language, style |
| 650 | 8 | |a لغة عربية |x كلمات | |
| 650 | 8 | |a لغة عربية |x اسم | |
| 650 | 8 | |a رسالة جامعية | |
| 650 | 0 | |a Arabic language |x Sentences | |
| 650 | 0 | |a Arabic language |x Noun | |
| 655 | 0 | 7 | |a Theses, non-IIUM |
| 700 | 1 | |a Muhammad, Hashim al-Bashir | |
| 900 | |a checked a r r 261095-naw | ||
| 999 | |c 430519 |d 462010 | ||
| 952 | |0 0 |6 T BP 000131.3 S9M9522Z |7 0 |8 THESES |9 749784 |a IIUM |b IIUM |c MULTIMEDIA |g 0.00 |o t BP131.3S9M9522Z |p 00000294803 |r 2017-10-17 |t 1 |v 0.00 |y THESIS | ||
